000 00285nam a22001337a 4500
008 190304b xxu||||| |||| 00| 0 eng d
020 _a0201025582
041 _aeng
080 _a338
100 _a52
101 _aMNG
245 _aOrganizative Design
_cGalbraith
942 _2udc
_cBK
999 _c54436
_d54436